Zákon SNR ktorým sa mení a dopĺňa zákon SNR č. 347/1990 Zb. o organizácii ministerstiev a ostatných ústredných orgánov štátnej správy SR v znení zákona č. 197/1991 Zb. a zákona SNR č. 298/1991 Zb.
Orgány štátnej správy v SR, na čele ktorých je člen vlády SR. Charakteristika ich pôsobnosti.
Salvato in:
| Natura: | Capitolo di libro |
|---|---|
| Lingua: | slovacco |
| Soggetti: | |
| Tags: |
Nessun Tag, puoi essere il primo ad aggiungerne!!
|
MARC
| LEADER | 00000naa a2200000 4500 | ||
|---|---|---|---|
| 001 | r010541 | ||
| 005 | 20220831085706.5 | ||
| 041 | 0 | |a slo | |
| 044 | |a [CS] | ||
| 245 | 1 | 0 | |a Zákon SNR ktorým sa mení a dopĺňa zákon SNR č. 347/1990 Zb. o organizácii ministerstiev a ostatných ústredných orgánov štátnej správy SR v znení zákona č. 197/1991 Zb. a zákona SNR č. 298/1991 Zb. |
| 520 | |a Orgány štátnej správy v SR, na čele ktorých je člen vlády SR. Charakteristika ich pôsobnosti. | ||
| 610 | 2 | 0 | |a správa štátna |
| 610 | 2 | 0 | |a ministerstvá |
| 610 | 2 | 0 | |a zákony |
| 610 | 2 | 0 | |a Slovensko |
| 610 | 2 | 0 | |a 1990 |
| 610 | 2 | 0 | |a 1991 |